[Event "CZE-chT2F 1112"]
[Site "Czech Republic"]
[Date "2011.12.04"]
[Round "4.65"]
[White "Svancara, Petr"]
[Black "Suchanek, Miroslav"]
[Result "1/2-1/2"]
[WhiteElo "2137"]
[BlackElo "2079"]
[PlyCount "39"]
[EventDate "2011.10.09"]
[EventType "team-tourn"]
[EventRounds "11"]
[EventCountry "CZE"]
[SourceTitle "EXT 2013"]
[Source "ChessBase"]
[SourceDate "2012.11.22"]
[SourceVersion "1"]
[SourceVersionDate "2012.11.22"]
[SourceQuality "1"]
[WhiteTeam "Olomouc"]
[BlackTeam "Dolni Benesov"]
[WhiteTeamCountry "CZE"]
[BlackTeamCountry "CZE"]

1. d4 d5 2. Nf3 Nf6 3. c4 e6 4. Nc3 Be7 5. g3 0-0 6. Bg2 b6 7. 0-0 Bb7 8. cxd5 Nxd5 9. Qc2 Nd7 10. Nxd5 Bxd5 11. e4 Bb7 12. Bf4 c5 13. Rac1 Rc8 14. d5 exd5 15. exd5 Bf6 16. h4 h6 17. Rcd1 Re8 18. Bh3 Ra8 19. Rfe1 Nf8 20. Rxe8 1/2-1/2

[Event "CZE-chT2F 1011"]
[Site "Czech Republic"]
[Date "2011.03.27"]
[Round "10.6"]
[White "Suchanek, Miroslav"]
[Black "Fargac, Martin"]
[Result "1/2-1/2"]
[WhiteElo "2013"]
[BlackElo "1887"]
[PlyCount "146"]
[EventDate "2010.10.17"]
[EventType "team-tourn"]
[EventRounds "11"]
[EventCountry "CZE"]
[SourceTitle "EXT 2012"]
[Source "ChessBase"]
[SourceDate "2011.11.24"]
[SourceVersion "1"]
[SourceVersionDate "2011.11.24"]
[SourceQuality "1"]
[WhiteTeam "Benesov"]
[BlackTeam "Trinec III"]
[WhiteTeamCountry "CZE"]
[BlackTeamCountry "CZE"]

1. d4 Nf6 2. Nf3 d5 3. c4 e6 4. Nc3 Be7 5. g3 0-0 6. Bg2 c6 7. 0-0 dxc4 8. Ne5 Nbd7 9. Nxc4 Re8 10. e4 b5 11. Ne3 Bb7 12. e5 Nd5 13. Ncxd5 cxd5 14. g4 Rc8 15. Qd3 Qb6 16. Rd1 Nb8 17. Bf1 Ba6 18. Bh3 Nc6 19. b3 Rc7 20. Bf1 Rec8 21. Bb2 Nb4 22. Qe2 Bg5 23. Rd2 Qb7 24. a3 Bxe3 25. fxe3 Nc2 26. Rb1 Rc6 27. b4 Qe7 28. Qf2 Qg5 29. Re2 Qxg4+ 30. Bg2 Bb7 31. Rf1 Qg6 32. Kh1 a5 33. e4 axb4 34. exd5 exd5 35. axb4 Nxb4 36. e6 Rxe6 37. Bh3 Rxe2 38. Qxe2 Ra8 39. Qxb5 Ba6 40. Qxb4 Bxf1 41. Bxf1 Qe4+ 42. Kg1 h6 43. Qb3 Re8 44. Qd3 Qg4+ 45. Qg3 Qd1 46. Qd3 Qg4+ 47. Qg3 Qc8 48. Bd3 Re7 49. Ba3 Ra7 50. Bc5 Ra1+ 51. Kf2 Ra2+ 52. Kf3 Qe8 53. Qf4 g5 54. Qf5 g4+ 55. Qxg4+ Kh8 56. Bd6 f6 57. Qh3 h5 58. Qf5 Qf7 59. Be5 Kg8 60. Qxf6 Qxf6+ 61. Bxf6 Rxh2 62. Kf4 Kf7 63. Bg5 Rd2 64. Ke3 Rg2 65. Bf4 Ra2 66. Be2 h4 67. Kf3 Ra3+ 68. Kg2 h3+ 69. Kg1 Ra4 70. Bh5+ Kf6 71. Be5+ Kf5 72. Bf3 Ra2 73. Bxd5 Ra5 1/2-1/2

[Event "CZE-chT2F 0910"]
[Site "Czech Republic"]
[Date "2010.01.31"]
[Round "6.3"]
[White "Slanina, Miroslav"]
[Black "Suchanek, Miroslav"]
[Result "1-0"]
[WhiteElo "2132"]
[BlackElo "2028"]
[PlyCount "69"]
[EventDate "2009.10.18"]
[EventType "team-tourn"]
[EventRounds "11"]
[EventCountry "CZE"]
[SourceTitle "EXT 2012"]
[Source "ChessBase"]
[SourceDate "2011.11.24"]
[SourceVersion "1"]
[SourceVersionDate "2011.11.24"]
[SourceQuality "1"]
[WhiteTeam "Dobra"]
[BlackTeam "Benesov"]
[WhiteTeamCountry "CZE"]
[BlackTeamCountry "CZE"]

1. e4 c5 2. f4 Nc6 3. Nf3 d6 4. Be2 Nf6 5. d3 g6 6. 0-0 Bg7 7. c3 0-0 8. Na3 Rb8 9. Nc2 b5 10. Ne3 b4 11. c4 a5 12. Qe1 Ne8 13. f5 Nc7 14. Ng4 Nd4 15. Nxd4 Bxd4+ 16. Kh1 f6 17. Qh4 g5 18. Qh6 Rf7 19. h4 Rg7 20. Rb1 Kh8 21. hxg5 fxg5 22. Bxg5 Qg8 23. f6 Rf7 24. fxe7 Bxg4 25. Rxf7 Qxf7 26. Rf1 Qh5+ 27. Qxh5 Bxh5 28. Rf8+ Kg7 29. Rxb8 Bxe2 30. Rc8 Bh5 31. Rxc7 Be8 32. b3 Be5 33. Rc8 Kf7 34. Bh4 h5 35. Ra8 1-0

[Event "Moravia-Silesia Region-chT 0708"]
[Site "Czech Republic"]
[Date "2008.03.09"]
[Round "9.1"]
[White "Suchanek, Miroslav"]
[Black "Malinovsky, Petr"]
[Result "1-0"]
[WhiteElo "1900"]
[BlackElo "2067"]
[PlyCount "87"]
[EventDate "2007.10.28"]
[EventType "team-tourn"]
[EventRounds "11"]
[EventCountry "CZE"]
[SourceTitle "EXT 2024"]
[Source "ChessBase"]
[SourceDate "2023.10.10"]
[SourceVersion "1"]
[SourceVersionDate "2023.10.10"]
[SourceQuality "1"]

1. Nf3 d5 2. d4 Nf6 3. g3 c5 4. dxc5 Nc6 5. Bg2 e5 6. Bg5 Be6 7. Nc3 Be7 8. 0-0 h6 9. Bxf6 Bxf6 10. Rb1 d4 11. Nb5 Be7 12. b4 Bxa2 13. Rb2 Be6 14. Nd2 0-0 15. Ne4 f5 16. Nd2 a5 17. bxa5 Bxc5 18. c3 Bd5 19. Bxd5+ Qxd5 20. Nc7 Qf7 21. Nxa8 dxc3 22. Rb5 Bb4 23. Nf3 Rxa8 24. Nxe5 Nxe5 25. Rxe5 Qa2 26. Qd4 Rxa5 27. Re8+ Kf7 28. Rc8 Be7 29. Qxc3 b5 30. Qf3 Qe6 31. Rc6 Qd7 32. Qh5+ Kg8 33. Rfc1 Ra8 34. Rc7 Qe6 35. Qf3 Rb8 36. R1c6 Qe5 37. Qb3+ Kh8 38. Qf7 Bf6 39. Qg6 Qa1+ 40. Kg2 Qa8 41. f3 Rf8 42. Qxf5 Qe8 43. Qxb5 Be5 44. Rc8 1-0

[Event "Moravia-Silesia Region-chT 0708"]
[Site "Czech Republic"]
[Date "2008.02.10"]
[Round "7.1"]
[White "Vesely, Libor"]
[Black "Suchanek, Miroslav"]
[Result "1-0"]
[WhiteElo "2174"]
[BlackElo "1900"]
[PlyCount "65"]
[EventDate "2007.10.28"]
[EventType "team-tourn"]
[EventRounds "11"]
[EventCountry "CZE"]
[SourceTitle "EXT 2024"]
[Source "ChessBase"]
[SourceDate "2023.10.10"]
[SourceVersion "1"]
[SourceVersionDate "2023.10.10"]
[SourceQuality "1"]

1. e4 e6 2. d4 d5 3. e5 c5 4. c3 Nc6 5. Nf3 f6 6. Bd3 cxd4 7. cxd4 fxe5 8. dxe5 Qc7 9. 0-0 Bd7 10. Nc3 a6 11. Re1 Nge7 12. Bg5 h6 13. Bxe7 Nxe7 14. Rc1 Qa5 15. Nh4 g5 16. Ng6 Nxg6 17. Bxg6+ Kd8 18. Qb3 Bc6 19. Red1 Bc5 20. Ne4 Be7 21. Bf7 Kc7 22. Bxe6 Qb4 23. Qxb4 Bxb4 24. Bxd5 Rhe8 25. Bxc6 bxc6 26. Nf6 Rxe5 27. Nd5+ Rxd5 28. Rxd5 Kb6 29. Re5 h5 30. Rc4 Bd2 31. g3 Rh8 32. Re6 h4 33. Rcxc6+ 1-0

[Event "Frydek Mistek BSS Cup"]
[Site "Frydek Mistek"]
[Date "2007.02.23"]
[Round "7"]
[White "Ruzicka, Vaclav"]
[Black "Suchanek, Miroslav"]
[Result "1/2-1/2"]
[WhiteElo "1890"]
[BlackElo "1870"]
[PlyCount "63"]
[EventDate "2007.02.19"]
[EventType "swiss"]
[EventRounds "7"]
[EventCountry "CZE"]
[SourceTitle "EXT 2008"]
[Source "ChessBase"]
[SourceDate "2007.11.25"]
[SourceVersion "1"]
[SourceVersionDate "2007.11.25"]
[SourceQuality "1"]

1. c4 c5 2. Nc3 Nc6 3. d3 Nf6 4. g3 g6 5. Bg2 Bg7 6. e4 d6 7. h3 Bd7 8. Nge2 0-0 9. 0-0 Qc8 10. Kh2 a6 11. a4 Rb8 12. Be3 e6 13. Qd2 Re8 14. f4 Qc7 15. Bf2 Ne7 16. g4 Bc6 17. Bg3 Nd7 18. g5 f5 19. Rf2 b5 20. axb5 axb5 21. exf5 Nxf5 22. Bxc6 Qxc6 23. Nxb5 d5 24. Ra7 Rb7 25. Rxb7 Qxb7 26. Nec3 Nb6 27. b3 Qc6 28. Re2 Kf7 29. Qe1 d4 30. Ne4 Nd7 31. Ra2 Ra8 32. Qa1 1/2-1/2

[Event "Frydek Mistek BSS Cup"]
[Site "Frydek Mistek"]
[Date "2007.02.22"]
[Round "5"]
[White "Suchanek, Miroslav"]
[Black "Langner, Jakub"]
[Result "1-0"]
[WhiteElo "1870"]
[BlackElo "1838"]
[PlyCount "91"]
[EventDate "2007.02.19"]
[EventType "swiss"]
[EventRounds "7"]
[EventCountry "CZE"]
[SourceTitle "EXT 2008"]
[Source "ChessBase"]
[SourceDate "2007.11.25"]
[SourceVersion "1"]
[SourceVersionDate "2007.11.25"]
[SourceQuality "1"]

1. Nf3 Nf6 2. g3 g6 3. Bg2 Bg7 4. 0-0 0-0 5. c4 c5 6. Nc3 d6 7. e3 Nc6 8. d4 cxd4 9. exd4 Bf5 10. Nh4 Bg4 11. f3 Bd7 12. d5 Ne5 13. b3 Qc8 14. Be3 Bh3 15. Rc1 Bxg2 16. Kxg2 a6 17. Qd2 Qd7 18. h3 Rfc8 19. f4 Nxc4 20. bxc4 Rxc4 21. Ne2 Qb5 22. Rxc4 Qxc4 23. Rd1 Nxd5 24. Qxd5 Qxe2+ 25. Bf2 Qb5 26. Qxb5 axb5 27. Rd2 Bc3 28. Rc2 b4 29. Nf3 d5 30. Bd4 Rc8 31. Kf1 Rc6 32. Ke2 Bxd4 33. Nxd4 Rxc2+ 34. Nxc2 Kf8 35. Kd3 e6 36. Kd4 b6 37. Nxb4 Ke7 38. Nd3 Kd6 39. g4 f6 40. h4 Kc6 41. g5 f5 42. a4 Kd6 43. Nb4 Kd7 44. Ke5 Ke7 45. Nc6+ Kd7 46. Nd4 1-0